[Event "Florianopolis op 09"]
[Site "Florianopolis"]
[Date "2021.09.26"]
[Round "5"]
[White "Campos, Anna Carolina"]
[Black "Morato, Saulo Duenas"]
[Result "1/2-1/2"]
[WhiteElo "1624"]
[BlackElo "1327"]
[PlyCount "86"]
[EventDate "2021.09.24"]
[EventType "swiss"]
[EventRounds "6"]
[EventCountry "BRA"]
[SourceTitle "EXT 2024"]
[Source "ChessBase"]
[SourceDate "2023.10.10"]
[SourceVersion "1"]
[SourceVersionDate "2023.10.10"]
[SourceQuality "1"]

1. e4 e5 2. Nf3 Nf6 3. Nc3 Nc6 4. Bc4 Bc5 5. d3 d6 6. Be3 Bb6 7. h3 h6 8. 0-0 0-0 9. d4 Ba5 10. d5 Ne7 11. Nd2 c6 12. Qf3 Bxc3 13. bxc3 Qa5 14. Bxh6 gxh6 15. Qxf6 cxd5 16. exd5 Nxd5 17. Qxh6 Qc5 18. Bd3 f5 19. c4 Nf4 20. Nb3 Qc7 21. Rfd1 Qe7 22. g3 Rf6 23. Qg5+ Ng6 24. Bf1 Qg7 25. Rd2 Nh8 26. Qxg7+ Kxg7 27. Rad1 Nf7 28. Bg2 Rb8 29. c5 dxc5 30. Nxc5 b6 31. Nd7 Bxd7 32. Rxd7 a5 33. Bd5 Rc8 34. c4 Kg6 35. Rb7 Nd6 36. Rxb6 Nxc4 37. Rxf6+ Kxf6 38. Bxc4 Rxc4 39. Rd2 Kg5 40. Rd5 Ra4 41. Rd2 Ra3 42. Kg2 e4 43. Re2 a4 1/2-1/2

[Event "Santa Catarina State-ch (Women) 34th"]
[Site "Rio Negrinho"]
[Date "2021.07.22"]
[Round "1"]
[White "Da Luz, Amanda Beatriz"]
[Black "Campos, Anna Carolina"]
[Result "1/2-1/2"]
[WhiteElo "1093"]
[BlackElo "1640"]
[PlyCount "103"]
[EventDate "2021.07.22"]
[EventType "swiss"]
[EventRounds "7"]
[EventCountry "BRA"]
[SourceTitle "EXT 2022"]
[Source "ChessBase"]
[SourceDate "2021.10.06"]
[SourceVersion "1"]
[SourceVersionDate "2021.10.06"]
[SourceQuality "1"]

1. d4 Nf6 2. Nf3 g6 3. g3 Bg7 4. Bg2 d5 5. c4 0-0 6. 0-0 c6 7. Nc3 Nbd7 8. Qc2 Re8 9. Rd1 Nb6 10. cxd5 cxd5 11. b3 Bf5 12. Qd2 Rc8 13. Bb2 Ne4 14. Nxe4 Bxe4 15. Rac1 Nd7 16. Rc3 Rxc3 17. Qxc3 e5 18. dxe5 Nxe5 19. Nxe5 Bxe5 20. Qd2 Bxb2 21. Bxe4 Rxe4 22. Qxb2 Qe7 23. e3 Qe5 24. Qd2 d4 25. Qb2 dxe3 26. Rd8+ Kg7 27. Qxe5+ Rxe5 28. fxe3 Rxe3 29. Kf2 Re7 30. h4 Rc7 31. Rd2 a6 32. Kf3 Rc3+ 33. Kf4 Rc6 34. Rd3 b5 35. a3 h6 36. g4 Rb6 37. g5 h5 38. Rd4 Kf8 39. Re4 Rd6 40. a4 bxa4 41. bxa4 Rd5 42. Ke3 Kg7 43. Rf4 Re5+ 44. Kd4 Ra5 45. Ke3 Rc5 46. Kd3 Rc6 47. Kd4 f6 48. Kd5 fxg5 49. hxg5 Rb6 50. Kc5 Re6 51. Kd5 Rb6 52. Kc5 1/2-1/2

[Event "Florianopolis op 7th"]
[Site "Florianopolis"]
[Date "2021.01.23"]
[Round "8"]
[White "Campos, Anna Carolina"]
[Black "Constantino, Pedro Henrique"]
[Result "1-0"]
[WhiteElo "1661"]
[BlackElo "1424"]
[PlyCount "77"]
[EventDate "2021.01.18"]
[EventType "swiss"]
[EventRounds "10"]
[EventCountry "BRA"]
[SourceTitle "CBM 200 Extra"]
[Source "ChessBase"]
[SourceDate "2021.03.31"]
[SourceVersion "1"]
[SourceVersionDate "2021.03.31"]
[SourceQuality "1"]

1. d4 Nf6 2. Bf4 g6 3. Nf3 Bg7 4. e3 0-0 5. Nbd2 d5 6. h3 c5 7. c3 Nc6 8. Be2 cxd4 9. exd4 Bf5 10. 0-0 Re8 11. Qb3 Na5 12. Qb4 Nd7 13. Ne5 Nxe5 14. Bxe5 Nc6 15. Qxb7 Nxe5 16. dxe5 Rb8 17. Qxa7 Rxb2 18. Qe3 Qc7 19. Nf3 Ra8 20. a4 Rc2 21. Bb5 Rxc3 22. Qd4 Be4 23. Rfe1 Bxf3 24. gxf3 e6 25. Kg2 Rb3 26. Rac1 Qe7 27. Qf4 Rb4 28. Qg3 Bh6 29. Kf1 Bf4 30. Qg2 Bxc1 31. Rxc1 Rd8 32. Rd1 d4 33. Rd3 Qc5 34. Qg5 Rc8 35. Kg2 Qd5 36. Qe7 Rb2 37. Be8 Qxe5 38. Qxf7+ Kh8 39. Qf8# 1-0

[Event "Florianopolis Winter op 5th"]
[Site "Florianopolis"]
[Date "2019.08.31"]
[Round "5"]
[White "Da Silva, Juliano Roberto Ner"]
[Black "Campos, Anna Carolina"]
[Result "1-0"]
[WhiteElo "1866"]
[BlackElo "1701"]
[PlyCount "87"]
[EventDate "2019.08.30"]
[EventType "swiss"]
[EventRounds "7"]
[EventCountry "BRA"]
[SourceTitle "EXT 2020"]
[Source "ChessBase"]
[SourceDate "2019.10.17"]
[SourceVersion "1"]
[SourceVersionDate "2019.10.17"]
[SourceQuality "1"]

1. d4 Nf6 2. c4 c5 3. d5 e6 4. Nc3 exd5 5. cxd5 d6 6. h3 g6 7. Bf4 Bg7 8. Nf3 a6 9. a4 0-0 10. e3 Re8 11. Be2 Qe7 12. 0-0 Nbd7 13. Qb3 h6 14. a5 g5 15. Bh2 g4 16. hxg4 Nxg4 17. Bg3 Nge5 18. Nd2 Nf6 19. Nc4 Nfg4 20. Nb6 Rb8 21. e4 Bf6 22. Nca4 h5 23. Rae1 h4 24. Nxc8 Rbxc8 25. Bxg4 Nxg4 26. Qf3 hxg3 27. Qxg4+ Bg7 28. Qxg3 Qe5 29. Qxe5 Bxe5 30. Nb6 Rcd8 31. Nc4 Bd4 32. Re2 Re7 33. Rfe1 f6 34. g3 Rg7 35. Kg2 Kf7 36. f4 Rdg8 37. Nxd6+ Kf8 38. Nf5 Rg4 39. Kf3 c4 40. Rh1 c3 41. bxc3 Bxc3 42. Rh7 Bxa5 43. Rxb7 Bc3 44. Rc2 1-0

[Event "Florianopolis Winter op 5th"]
[Site "Florianopolis"]
[Date "2019.08.30"]
[Round "2"]
[White "Campos, Anna Carolina"]
[Black "Calcada, Henrique Galvan"]
[Result "1-0"]
[WhiteElo "1701"]
[BlackElo "1289"]
[PlyCount "85"]
[EventDate "2019.08.30"]
[EventType "swiss"]
[EventRounds "7"]
[EventCountry "BRA"]
[SourceTitle "EXT 2020"]
[Source "ChessBase"]
[SourceDate "2019.10.17"]
[SourceVersion "1"]
[SourceVersionDate "2019.10.17"]
[SourceQuality "1"]

1. e4 c5 2. Nf3 d6 3. d4 cxd4 4. Nxd4 Nf6 5. Nc3 g6 6. Be3 Bg7 7. h3 0-0 8. Qd3 Nc6 9. 0-0-0 d5 10. Nxc6 bxc6 11. exd5 Nxd5 12. Bd4 e5 13. Bc5 Re8 14. Nxd5 cxd5 15. Qxd5 Be6 16. Qxd8 Bh6+ 17. Qd2 Bxd2+ 18. Rxd2 Rec8 19. Bd6 e4 20. a3 Rc6 21. Bb4 Rac8 22. Bc3 f5 23. Bb5 Rc5 24. Bd7 Bxd7 25. Rxd7 R5c7 26. Rhd1 a6 27. R1d6 e3 28. fxe3 Rxd7 29. Rxd7 Re8 30. Kd2 Re6 31. Rg7+ Kf8 32. Rxh7 Rd6+ 33. Ke2 Re6 34. g3 Kg8 35. Rg7+ Kf8 36. Bd4 Rc6 37. c4 Rxc4 38. Rxg6 Rc2+ 39. Kf3 Rh2 40. h4 Ke7 41. Rf6 a5 42. Rxf5 a4 43. h5 1-0

[Event "Curitiba op"]
[Site "Curitiba"]
[Date "2016.04.21"]
[Round "2"]
[White "Campos, Anna Carolina"]
[Black "Rodrigues, Nei Jorge"]
[Result "0-1"]
[WhiteElo "1748"]
[BlackElo "2063"]
[PlyCount "101"]
[EventDate "2016.04.21"]
[EventType "swiss"]
[EventRounds "7"]
[EventCountry "BRA"]
[SourceTitle "CBM 172 Extra"]
[Source "ChessBase"]
[SourceDate "2016.06.21"]
[SourceVersion "1"]
[SourceVersionDate "2016.06.21"]
[SourceQuality "1"]

1. e4 e6 2. d4 a6 3. Nc3 d5 4. exd5 exd5 5. a3 g6 6. h4 Bg7 7. Bg5 Qd6 8. Qd2 Be6 9. 0-0-0 Nc6 10. Nge2 Nge7 11. Bh6 Bxh6 12. Qxh6 Nf5 13. Qg5 b5 14. Qf6 Rg8 15. g4 Nfe7 16. f3 b4 17. Nb1 Na5 18. Nf4 Qc6 19. Re1 b3 20. c3 Rf8 21. Nxe6 fxe6 22. Qxe6 Qxe6 23. Rxe6 Rxf3 24. Bxa6 c6 25. Rhe1 Ra7 26. Be2 Rf2 27. Nd2 Kd8 28. Bd1 Nc4 29. Nxc4 dxc4 30. Be2 Nd5 31. Bxc4 Rc2+ 32. Kb1 Nxc3+ 33. bxc3 Rxa3 34. Bxb3 Rxc3 35. Kb2 Raxb3+ 36. Ka2 Ra3+ 37. Kb2 Rab3+ 38. Ka2 Ra3+ 39. Kb2 Rab3+ 40. Ka2 Rb4 41. Re8+ Kc7 42. R8e7+ Kd6 43. R1e6+ Kd5 44. Re5+ Kc4 45. Re4 Ra4+ 46. Kb2 Rb4+ 47. Ka2 Ra4+ 48. Kb2 Rb4+ 49. Ka2 Rc2+ 50. Ka1 Rc1+ 51. Ka2 0-1

[Event "Florianopolis op 2nd"]
[Site "Florianopolis"]
[Date "2016.01.17"]
[Round "3"]
[White "De Borba, Guilherme"]
[Black "Campos, Anna Carolina"]
[Result "1-0"]
[WhiteElo "1962"]
[BlackElo "1714"]
[PlyCount "103"]
[EventDate "2016.01.16"]
[EventType "swiss"]
[EventRounds "10"]
[EventCountry "BRA"]
[SourceTitle "CBM 170 Extra"]
[Source "ChessBase"]
[SourceDate "2016.02.25"]
[SourceVersion "1"]
[SourceVersionDate "2016.02.25"]
[SourceQuality "1"]

1. Nf3 Nf6 2. d4 c5 3. c4 g6 4. Nc3 Bg7 5. g3 cxd4 6. Nxd4 Nc6 7. Bg2 0-0 8. 0-0 Qb6 9. Nc2 d6 10. Rb1 Bf5 11. e4 Be6 12. Nd5 Bxd5 13. exd5 Ne5 14. b3 Nfd7 15. Be3 Qa6 16. f4 Nxc4 17. bxc4 Rac8 18. Qd3 Qxa2 19. Na3 Bb2 20. Rxb2 Qxb2 21. Rb1 Qf6 22. Be4 e5 23. dxe6 Qxe6 24. Bd5 Qg4 25. Rxb7 Rfe8 26. Bf3 Qe6 27. Rxa7 Nc5 28. Bxc5 dxc5 29. Bd5 Qe1+ 30. Qf1 Qe3+ 31. Kh1 Re7 32. Rxe7 Qxe7 33. Qf2 Re8 34. Nb5 Kg7 35. Kg2 Qf6 36. Qd2 Rb8 37. Qc3 Qxc3 38. Nxc3 Rc8 39. Ne4 f5 40. Nd6 Rd8 41. Nb7 Rc8 42. Kf3 Kf6 43. Ke3 h6 44. Nd6 Rb8 45. Nb5 g5 46. Kf3 Re8 47. h3 Re7 48. g4 Re1 49. Kf2 Rb1 50. fxg5+ hxg5 51. gxf5 Kxf5 52. Be4+ 1-0

[Event "Sao Paulo Freitas Memorial"]
[Site "Sao Paulo"]
[Date "2015.10.11"]
[Round "4"]
[White "Campos, Anna Carolina"]
[Black "Souza, Marcelo Cop"]
[Result "0-1"]
[WhiteElo "1636"]
[BlackElo "1920"]
[PlyCount "58"]
[EventDate "2015.10.10"]
[EventType "swiss"]
[EventRounds "6"]
[EventCountry "BRA"]
[SourceTitle "CBM 168 Extra"]
[Source "ChessBase"]
[SourceDate "2015.10.29"]
[SourceVersion "1"]
[SourceVersionDate "2015.10.29"]
[SourceQuality "1"]

1. e4 c5 2. Nf3 e6 3. d4 cxd4 4. Nxd4 a6 5. c4 Qc7 6. Nc3 Nf6 7. Bd3 b6 8. f4 d6 9. Be3 Be7 10. g4 g6 11. h3 Bb7 12. Rg1 e5 13. g5 Nfd7 14. Nb3 exf4 15. Bxf4 Ne5 16. Nd5 Bxd5 17. cxd5 Nbd7 18. Rc1 Nc5 19. Bb1 Qd7 20. Nd4 Qxh3 21. Bxe5 dxe5 22. Nf3 Bd6 23. b4 Nd7 24. a3 a5 25. Rc6 Ke7 26. Rc2 Nb8 27. Qd3 axb4 28. axb4 Bxb4+ 29. Ke2 Ra3 0-1

[Event "Florianopolis op"]
[Site "Florianopolis"]
[Date "2015.01.14"]
[Round "2"]
[White "Lazzarotto, Marcio"]
[Black "Campos, Anna Carolina"]
[Result "1-0"]
[WhiteElo "2035"]
[BlackElo "1576"]
[PlyCount "43"]
[EventDate "2015.01.14"]
[EventType "swiss"]
[EventRounds "10"]
[EventCountry "BRA"]
[SourceTitle "CBM 164 Extra"]
[Source "ChessBase"]
[SourceDate "2015.03.02"]
[SourceVersion "1"]
[SourceVersionDate "2015.03.02"]
[SourceQuality "1"]

1. d4 Nf6 2. c4 c5 3. e3 g6 4. Nf3 Bg7 5. Nc3 0-0 6. Be2 cxd4 7. exd4 d6 8. 0-0 Bf5 9. Qb3 Qd7 10. Bf4 Nh5 11. Be3 Nf6 12. Rac1 Nc6 13. Rfd1 h6 14. c5 d5 15. Ne5 Qc7 16. Bf4 Rad8 17. Nxg6 Qd7 18. Nxf8 Kxf8 19. Bf3 Bg4 20. Ne2 Bf5 21. Qe3 h5 22. Bh6 1-0

[Event "Mestre Ataide op"]
[Site "Mestre Ataide"]
[Date "2014.06.07"]
[Round "3"]
[White "Silva, Diego Augusto de S"]
[Black "Campos, Anna Carolina"]
[Result "0-1"]
[WhiteElo "1740"]
[BlackElo "1583"]
[PlyCount "98"]
[EventDate "2014.06.07"]
[EventType "swiss"]
[EventRounds "5"]
[EventCountry "BRA"]
[SourceTitle "CBM 160 Extra"]
[Source "ChessBase"]
[SourceDate "2014.07.01"]
[SourceVersion "1"]
[SourceVersionDate "2014.07.01"]
[SourceQuality "1"]

1. e4 e5 2. Nf3 Nc6 3. Bc4 Bc5 4. b4 Bxb4 5. c3 Be7 6. 0-0 Nf6 7. Re1 0-0 8. d4 Nxe4 9. d5 Nd6 10. Bb3 Na5 11. Bc2 f6 12. Nbd2 Nf7 13. Ne4 d6 14. Qd3 f5 15. Ng3 e4 16. Nxe4 Ne5 17. Nxe5 dxe5 18. Ng3 e4 19. Qe2 Qxd5 20. Rd1 Qc4 21. Qxc4+ Nxc4 22. Bb3 b5 23. a4 Kh8 24. axb5 Nb6 25. Bf4 Bd8 26. Ne2 h6 27. Nd4 g5 28. Be5+ Kh7 29. Nc6 Nd7 30. Bd4 Bf6 31. Bxf6 Nxf6 32. Nxa7 Bd7 33. c4 Rfb8 34. Bc2 Rb7 35. Nc6 Rxa1 36. Rxa1 Bxc6 37. bxc6 Rb4 38. h3 Rxc4 39. Ba4 Kg6 40. Bb5 Rc5 41. Ba4 Nd5 42. Bb3 Nb6 43. Rd1 Rxc6 44. Rd8 Nc4 45. Rd4 Nd6 46. Rd5 Rc3 47. Ba4 f4 48. Re5 Kf6 49. Rd5 Rc1+ 0-1

[Event "BRA-ch (Women)"]
[Site "Sao Jose do Rio Preto"]
[Date "2013.12.13"]
[Round "3"]
[White "Cruz, Agnes Sofia"]
[Black "Campos, Anna Carolina"]
[Result "1-0"]
[WhiteElo "1703"]
[BlackElo "1625"]
[PlyCount "79"]
[EventDate "2013.12.12"]
[EventType "swiss"]
[EventRounds "7"]
[EventCountry "BRA"]
[SourceTitle "CBM 158 Extra"]
[Source "ChessBase"]
[SourceDate "2014.02.28"]
[SourceVersion "1"]
[SourceVersionDate "2014.02.28"]
[SourceQuality "1"]

1. e4 e5 2. Nf3 Nc6 3. Bb5 a6 4. Ba4 Nf6 5. 0-0 b5 6. Bb3 d6 7. Re1 Na5 8. d4 Nxb3 9. axb3 Bg4 10. d5 Nd7 11. b4 Be7 12. h3 Bh5 13. Be3 0-0 14. Nbd2 Qc8 15. Nf1 c5 16. dxc6 Qxc6 17. Nxe5 dxe5 18. Qxh5 Bxb4 19. c3 Be7 20. Ng3 Qg6 21. Qd1 Rfd8 22. Nf5 Qf6 23. Qg4 Kh8 24. Red1 Nf8 25. Rxd8 Bxd8 26. Rd1 Be7 27. h4 h6 28. f4 Rd8 29. Rxd8 Bxd8 30. fxe5 Qg6 31. Qd1 Bc7 32. Qd5 Qe6 33. Qa8 Qxe5 34. Qxf8+ Kh7 35. Bd4 Qh2+ 36. Kf2 Qf4+ 37. Ke2 Qxe4+ 38. Ne3 f6 39. Bxf6 Be5 40. Qxg7# 1-0

[Event "BRA-ch (Women)"]
[Site "Sao Jose do Rio Preto"]
[Date "2013.12.12"]
[Round "1"]
[White "Chang, Suzana"]
[Black "Campos, Anna Carolina"]
[Result "1-0"]
[WhiteElo "2032"]
[BlackElo "1625"]
[PlyCount "39"]
[EventDate "2013.12.12"]
[EventType "swiss"]
[EventRounds "7"]
[EventCountry "BRA"]
[SourceTitle "CBM 158 Extra"]
[Source "ChessBase"]
[SourceDate "2014.02.28"]
[SourceVersion "1"]
[SourceVersionDate "2014.02.28"]
[SourceQuality "1"]

1. c4 Nf6 2. d4 c5 3. Nf3 g6 4. g3 Bg7 5. Bg2 e6 6. 0-0 cxd4 7. Nxd4 0-0 8. e4 Nc6 9. Nb5 Ne8 10. N1c3 a6 11. Nd6 Nxd6 12. Qxd6 Be5 13. Qd3 Qb6 14. Rb1 Bg7 15. Rd1 Ne5 16. Qe2 Qb4 17. Bf1 Nxc4 18. Qxc4 Bxc3 19. Qxc3 Qxe4 20. Bh6 1-0